Paraguay: ein Kurzbericht

Saved in:  
Bibliographic Details
Corporate Author: Amnesty International (Other)
Format: Print Book
Language:German
Published: Bonn 1984
In:Year: 1984
Online Access: Table of Contents
Availability in Tübingen:Present in Tübingen.
UB: KB 5 E 989
Check availability: HBZ Gateway
Subito Delivery Service: Order now.
Keywords:

MARC

LEADER 00000cam a22000002c 4500
001 1084222329
003 DE-627
005 20250606165321.0
007 tu
008 880623s1984 xx ||||| 00| ||ger c
035 |a (DE-627)1084222329 
035 |a (DE-576)014222329 
035 |a (DE-599)BSZ014222329 
035 |a (OCoLC)310860139 
035 |a (DE-604)8060268808 
040 |a DE-627  |b ger  |c DE-627  |e rakwb 
041 |a ger 
084 |a MD 4700  |2 rvk  |0 (DE-625)rvk/122515: 
245 0 0 |a Paraguay  |b ein Kurzbericht  |c von Amnesty International 
264 1 |a Bonn  |c 1984 
300 |a 44 S. 
336 |a Text  |b txt  |2 rdacontent 
337 |a ohne Hilfsmittel zu benutzen  |b n  |2 rdamedia 
338 |a Band  |b nc  |2 rdacarrier 
490 0 |a Amnesty International Publications 
583 1 |a Archivierung/Langzeitarchivierung gewährleistet  |f SLG  |x XA-DE-BW  |z BfZ  |2 pdager  |5 DE-24 
689 0 0 |d g  |0 (DE-588)4044601-3  |0 (DE-627)106204890  |0 (DE-576)209061618  |a Paraguay  |2 gnd 
689 0 1 |d s  |0 (DE-588)4076230-0  |0 (DE-627)104540710  |0 (DE-576)209201258  |a Politischer Gefangener  |2 gnd 
689 0 2 |d s  |0 (DE-588)4074725-6  |0 (DE-627)106088556  |0 (DE-576)209195088  |a Menschenrecht  |2 gnd 
689 0 |5 (DE-627) 
710 2 |a Amnesty International  |b Sektion der Bundesrepublik Deutschland  |0 (DE-588)2033186-1  |0 (DE-627)102464502  |0 (DE-576)191845175  |4 oth 
856 4 2 |u http://d-nb.info/841026157/04  |m B:DE-101  |q application/pdf  |3 Inhaltsverzeichnis  |7 1 
936 r v |a MD 4700  |b Menschenrechte  |k Politologie  |k Politische Theorie, Grundbegriffe des Politischen  |k Staatstheorie  |k Menschenrechte  |0 (DE-627)1271068524  |0 (DE-625)rvk/122515:  |0 (DE-576)201068524 
951 |a BO 
ELC |b 1 
LOK |0 000 xxxxxcx a22 zn 4500 
LOK |0 001 2107408807 
LOK |0 003 DE-627 
LOK |0 004 1084222329 
LOK |0 005 20020606000000 
LOK |0 008 880623||||||||||||||||ger||||||| 
LOK |0 040   |a DE-21  |c DE-627  |d DE-21 
LOK |0 852   |a DE-21 
LOK |0 852 1  |c KB 5 E 989  |9 00 
LOK |0 935   |a krim 
LOK |0 936ln  |a k10.4.1 
LOK |0 939   |a 23-06-88  |b l01 
ORI |a SA-MARC-krimdoka001.raw 
SIG |a UB: KB 5 E 989